Language Quiz

Random Language Quiz

Mon ma mes ton ta tes notre notre nos Quiz Stats

 Plays Quiz not verified by Sporcle

Score 0/10 Timer 10:00
0 Plays Today
Hint Answer % Correct
my sisterma soeur
95.3%
our parentsnos parents
69.8%
your parentstes parents
46.5%
your brotherton frère
44.2%
my brothermon frère
41.9%
my half-brothermon demi-frère
23.3%
your sisterta soeur
23.3%
our sistersnos soeurs
23.3%
our friendsnos copains
20.9%
my parents
7%

You're not logged in!

Compare scores with friends on all Sporcle quizzes.
OR
Log In

Sporcle TV

Today on Sporcle TV


Watch our educational content, quiz creation guides, and fun videos on Sporcle TV.

Show Comments

Extras

Created Jan 29, 2015ReportNominate
Tags:add, mon, nos, Notre Dame, pronoun, tes, ton

Top Quizzes Today


Score Distribution

Your Account Isn't Verified!

In order to create a playlist on Sporcle, you need to verify the email address you used during registration. Go to your Sporcle Settings to finish the process.

Report this User

Report this user for behavior that violates our Community Guidelines.

Details: